Atlas địa lý - Kinh tế - Chính trị Thế giới = Atlaséco 2008

Sách trình bày tất cả các nước hay vùng lãnh thổ trên thế theo điều tra của Liên hiệp quốc về vấn đề địa lý, kinh tế xã hội và tình hình chính trị diễn ra trên thế giới.

Uloženo v:
Podrobná bibliografie
Médium: Kniha
Jazyk:Undetermined
Vydáno: Đà Nẵng Nxb. Đà Nẵng 2008
Témata:
Tagy: Přidat tag
Žádné tagy, Buďte první, kdo otaguje tento záznam!
Thư viện lưu trữ: Trung tâm Học liệu Trường Đại học Cần Thơ
LEADER 00892nam a2200205Ia 4500
001 CTU_155120
008 210402s9999 xx 000 0 und d
020 |c 100000 
082 |a 912 
082 |b A881 
245 0 |a Atlas địa lý - Kinh tế - Chính trị Thế giới = 
245 0 |b Atlaséco 2008 
245 0 |c Võ Minh Tâm, Doãn Thị Thùy Linh, Nguyễn Khánh Giang dịch 
260 |a Đà Nẵng 
260 |b Nxb. Đà Nẵng 
260 |c 2008 
520 |a Sách trình bày tất cả các nước hay vùng lãnh thổ trên thế theo điều tra của Liên hiệp quốc về vấn đề địa lý, kinh tế xã hội và tình hình chính trị diễn ra trên thế giới. 
650 |a World atlases 
904 |i Bạch Trúc 
980 |a Trung tâm Học liệu Trường Đại học Cần Thơ